Southville International School and Colleges
Your cart is empty.
  • Cart
  • Lists
    Public lists Eva Luna New books Lux_list list_1
    Your lists Log in to create your own lists
  • Log in to your account
  • Your cookies
  • Search history
Southville International School and Colleges
  • Advanced search
  • Recent comments
  • Most popular
  • Libraries

Log in to your account

Log in with GOOGLE


If you do not have an external account, but do have a local account, you can still log in:

  1. Home
  2. MARC view: The happy day /
Normal view MARC view ISBD view

The happy day / (Record no. 104979)

[ view plain ]
MARC details
000 -LEADER
fixed length control field 00681nam a2200193 a 4500
005 - DATE AND TIME OF LATEST TRANSACTION
control field 20140412111333.0
008 - FIXED-LENGTH DATA ELEMENTS--GENERAL INFORMATION
fixed length control field 050418s19uu xx 00 eng d
020 ## - INTERNATIONAL STANDARD BOOK NUMBER
International Standard Book Number 0-06-023397-4
050 ## - LIBRARY OF CONGRESS CALL NUMBER
Classification number BB
Item number Ha211 1949
100 ## - MAIN ENTRY--PERSONAL NAME
Personal name Krauss, Ruth
245 ## - TITLE STATEMENT
Title The happy day /
Statement of responsibility, etc by Ruth Krauss ; pictures by Marc Simont.
260 ## - PUBLICATION, DISTRIBUTION, ETC. (IMPRINT)
Place of publication, distribution, etc New York :
Name of publisher, distributor, etc HarperCollins.
300 ## - PHYSICAL DESCRIPTION
Extent 1 v. (unp.) ; ill.
500 ## - GENERAL NOTE
General note A Caldecott Honor book
520 ## - SUMMARY, ETC.
Summary, etc Snow is falling. All the animals are fast asleep in their animals homes. They awake. They open their eyes. They sniff. They run. What will they find?
650 ## - SUBJECT ADDED ENTRY--TOPICAL TERM
Topical term or geographic name as entry element Animals
General subdivision Fiction
650 ## - SUBJECT ADDED ENTRY--TOPICAL TERM
Topical term or geographic name as entry element Children stories
Holdings
Withdrawn status Lost status Damaged status Home library Current library Shelving location Date acquired Source of acquisition Total Checkouts Full call number Barcode Date last seen Price effective from Koha item type
      Elizalde Library Elizalde Library Big Books Section 04/18/2005     BB Ha211 1949 E9183 04/12/2014 04/12/2014 Books

The happy day /

APA

Krauss R., .The happy day. New York: HarperCollins.

Chicago

Krauss Ruth, .The happy day. New York: HarperCollins.

Harvard

Krauss R., .The happy day. New York: HarperCollins.

MLA

Krauss Ruth, .New York: HarperCollins. .

  • Place hold
  • Print
  • Cite
  • Add to your cart (remove)
  • Save record
    BIBTEX Dublin Core MARCXML MARC (non-Unicode/MARC-8) MARC (Unicode/UTF-8) MARC (Unicode/UTF-8, Standard) MODS (XML) RIS
  • More searches
    Search for this title in:
    Other Libraries (WorldCat) Other Databases (Google Scholar) Online Stores (Bookfinder.com) Open Library (openlibrary.org)

Exporting to Dublin Core...

SOUTHVILLE LIBRARY

Southville International School and Colleges Library

1281 Tropical Ave. Cor. Luxembourg St., BF Homes International, Las Pinas City

Tel. No. 8256374 / 252358 Loc. 117/146

Powered by Koha